000 00736nam a22002057a 4500
005 20251203150450.0
010 _aENG-147225
020 _a9788195434732
_c800.00
035 _aEN-130757
037 _bDBAD
082 _a374.4
_21
245 _aOpen Science:
_bA Compilaltion of Science Articles/
_cEdited by Kabita Phukon; Monurama Phukon [and] Bonika Buragohain
260 _aAssam
_bGargaon Collega, Simaluguri Sivasagar
_cFeb, 2025
270 _aGurgaon College, Simaluguri Sivasagar,
_bAssam
_e785686
300 _a340p.
_c23cm(hb)
700 _aPhukon, Kabita
_984700
_eEditor
700 _aPhukon, Monurama
_eEditor
_985843
700 _aBuragohain, Bonika
_eEditor
_985844
942 _2ddc
_cEN
_h374.4
_mOPE
999 _c213829
_d213829